00381 a2200109 4500001000900000005001700009008004100026245011400067100003100181773004200212999001700254ART_660920260410161620.0260409a 10aAplicación de normas internacionales de información financiera en Latinoamérica. La experiencia europea1 aGarcía Fronti, Inés M.0 tEnfoquesg- Nº 8 (ago. 2009)wREV416 c11444d11444